| 000 | 00660nam a2200205 i 4500 | ||
|---|---|---|---|
| 001 | bg | ||
| 245 | 0 | 0 |
_aMicrosoft Office 2000 Resource Kit : _b[techniczny przewodnik do implementacji, konfiguracji i administrowania programem Microsoft Office 2000 / _cMicrosoft Press ; przekł. z ang. Gołębiewski]. |
| 260 |
_aWarszawa : _bAPN PROMISE, _c1999. |
||
| 300 |
_aVI, 770 s. ; _c24 cm + _eCD-ROM. |
||
| 504 | _aIndeks. | ||
| 650 | 9 | _aMicrosoft Office | |
| 655 | _aPodręczniki | ||
| 020 | _a839105926X | ||
| 040 | _cBPK | ||
| 041 | 1 |
_apl _hen |
|
| 080 | _a004.4(07) | ||
| 920 | _a83-910592-6-X | ||
| 942 | _cKS | ||
| 008 | s pl f |000 0 pol | ||
| 999 |
_c36042 _d36042 |
||
| 856 |
_uhttp://koha.tu.koszalin.pl/cgi-bin/koha/opac-detail.pl?biblionumber=36042 _yKatalog online BPK |
||